| 000 | 01987cam a22005294a 4500 | ||
|---|---|---|---|
| 001 | 15680 | ||
| 003 | BUBTL | ||
| 005 | 20181218123602.0 | ||
| 008 | 080922s2009 dcua b i001 0 eng | ||
| 010 | _a 2008041838 | ||
| 015 |
_aGBA906828 _2bnb |
||
| 016 | 7 |
_a101484904 _2DNLM |
|
| 016 | 7 |
_a014884202 _2Uk |
|
| 020 | _a9780821377826 (alk. paper) | ||
| 020 | _a0821377825 (alk. paper) | ||
| 020 | _a9780821377833 (eISBN) | ||
| 020 | _a0821377833 (eISBN) | ||
| 035 | _a(OCoLC)256770451 | ||
| 040 |
_aDNLM/DLC _cDLC _dNLM _dBTCTA _dYDXCP _dUKM _dWAU _dC#P _dBWX _dCDX _dDLC |
||
| 042 | _apcc | ||
| 043 | _aa-vt--- | ||
| 050 | 0 | 0 |
_aRA412.5.V5 _bL54 2009 |
| 082 | 0 | 0 |
_a362.109597 _222 |
| 100 | 1 | _aLieberman, Samuel S. | |
| 245 | 1 | 0 |
_aHealth financing and delivery in Vietnam : _blooking forward / _cby Samuel S. Lieberman and Adam Wagstaff. |
| 260 |
_aWashington, DC : _bWorld Bank, _cc2009. |
||
| 300 |
_axi, 171 p. : _bill. ; _c23 cm. |
||
| 490 | 1 | _aHealth, nutrition, and population series | |
| 504 | _aIncludes bibliographical references (p. 159-164) and index. | ||
| 505 | 0 | _aVietnam's health system since DOI MOI -- Recent trends in Vietnam's health sector performance -- Health insurance -- Reforming health insurance -- Service delivery -- Reforming service delivery -- Decentralization and government stewardship. | |
| 650 | 0 |
_aHealth insurance _zVietnam. |
|
| 650 | 0 |
_aMedical care _zVietnam _xFinance. |
|
| 650 | 0 |
_aHealth care reform _zVietnam. |
|
| 650 | 0 |
_aMedical policy _zVietnam. |
|
| 650 | 1 | 2 |
_aDelivery of Health Care _zVietnam. |
| 650 | 2 | 2 |
_aHealth Care Costs _zVietnam. |
| 650 | 2 | 2 |
_aHealth Care Reform _zVietnam. |
| 650 | 2 | 2 |
_aHealth Expenditures _zVietnam. |
| 650 | 2 | 2 |
_aHealth Policy _zVietnam. |
| 650 | 2 | 2 |
_aInsurance, Health _zVietnam. |
| 700 | 1 | _aWagstaff, Adam. | |
| 710 | 2 | _aWorld Bank. | |
| 830 | 0 | _aHealth, nutrition, and population series. | |
| 856 |
_k0 _l0 |
||
| 906 |
_a7 _bcbc _corignew _d1 _eecip _f20 _gy-gencatlg |
||
| 942 |
_2ddc _cBK |
||
| 999 |
_c5844 _d5844 |
||